| LEADER |
00986ngm0a2200229 450 |
| 001 |
16845507 |
| 100 |
|
|
|a 20120830d2000 u u0frey01 ba
|
| 101 |
1 |
|
|a eng
|c eng
|
| 102 |
|
|
|a US
|
| 200 |
0 |
|
|a Insomnies
|d Chasing Sleep
|f Michael Walker, réal.
|g Michael Walker, scénario - Gil Bellows, Emily Bergl, Jeff Daniels, ... [et al.] act.
|
| 207 |
|
1 |
|a
|
| 210 |
|
|
|a France
|c Studio Canal vidéo
|d 2000
|
| 215 |
|
|
|a 1 DVD vidéo monoface zone 2 (1 h 40 min)
|c 16/9, coul. (PAL), son. (Dolby digital 5.1)
|
| 300 |
|
|
|a interdit aux moins de 12 ans.
|
| 330 |
|
|
|a Sa femme est partie, un homme ne dort plus, sa vie et ses nuits deviennent un cauchemar... Pour l'acteur surprenant qui exsude l'angoisse et la folie...
|
| 700 |
|
0 |
|a Walker
|b Michael
|4 370
|
| 702 |
|
0 |
|a Daniels
|b Jeff
|4 5
|
| 702 |
|
0 |
|a Bergl
|b Emily
|4 5
|
| 702 |
|
0 |
|a Bellows
|b Gil
|4 5
|
| 900 |
|
|
|a Film
|
| 901 |
|
|
|a Accessible au prêt
|
| 995 |
|
|
|a Bibliothèque
|c Bibliothèque
|f 00156008946212
|h 00156008946212
|k F WAL
|o p
|q a
|r gd
|e Bibliothèque
|